Electronic display technology and information systems, sp-904 (Record no. 574950)
[ view plain ]
| 000 -LEADER | |
|---|---|
| fixed length control field | 01522nam a22001817a 4500 |
| 003 - CONTROL NUMBER IDENTIFIER | |
| control field | CEME |
| 005 - DATE AND TIME OF LATEST TRANSACTION | |
| control field | 20210628203737.0 |
| 008 - FIXED-LENGTH DATA ELEMENTS--GENERAL INFORMATION | |
| fixed length control field | 210416b xxu||||| |||| 00| 0 eng d |
| 020 ## - INTERNATIONAL STANDARD BOOK NUMBER | |
| International Standard Book Number | 1-56091-221-9 |
| 040 ## - CATALOGING SOURCE | |
| Transcribing agency | . |
| 082 ## - DEWEY DECIMAL CLASSIFICATION NUMBER | |
| Classification number | 629.2-SAE ELE |
| 100 ## - MAIN ENTRY--PERSONAL NAME | |
| Personal name | Sae |
| 9 (RLIN) | 26073 |
| 245 ## - TITLE STATEMENT | |
| Title | Electronic display technology and information systems, sp-904 |
| 260 ## - PUBLICATION, DISTRIBUTION, ETC. | |
| Place of publication, distribution, etc. | USA |
| Name of publisher, distributor, etc. | SAE |
| Date of publication, distribution, etc. | 1992 |
| 300 ## - PHYSICAL DESCRIPTION | |
| Extent | 112P |
| 650 ## - SUBJECT ADDED ENTRY--TOPICAL TERM | |
| Topical term or geographic name entry element | 27354.SINGLE VACUUM FLUORESCENT DISPLAY FULL FEATURED CLUSTER PANEL 1-8 IWASE, H TATEYOSHI, S CHIP IN GLASS FLOURESCENT INDICATOR PANEL WITH A 128 X 32 DOT MATRIX 9-14 AKIYAMA, T DEVELOPMENT OF AN ANALOG SPEEDOMETER MUTUALLY COMPATIBLE WITH A DIGITAL HEAD UP DISPLAY 15-20 NAGAMI, M MASHIYAMA, M DEVELOPMENT OF HOLOGRAM HEAD UP DISPLAY 21-28 HAHIME, H DEVELOPMENT OF THE NEW TOYOTA ELECTRO MULTIVISION 29-38 UMEDA, YUKIHIKO HEAD UP DISPLAY IN AUTOMOTIVE AIRCRAFT APPLICATIONS 39-48 ENDERBY, C HEAD UP DISPLAY USING A HOLOGARM AS AN OPTICAL ELEMENT 49-56 SUGITA, MASAYA COLOR SHIFT VACUUM FLOURESCENT DISPLAY SYSTEM 57-64 DAVIS, R. D VHC LCD TECHNOLOGY FOR USE IN AN AUTOMOTIVE INSTRUMENTS DISPLAY 65-72 CHARA, KAZUAKI MATSUMOTO, T DEVELOPMENT OF AN LASER RADAR SYSTEM FOR AUTOMOBILES 73-86 YAMAMOTO, K ELECTRONIC MONITOR FOR CARS 87-96 TSUJI, T AUTOMOBILES NAVIGATION SYSTEM WITH MULTI SOURCE GUIDE INFORMATION 97-106 ODAGAKI, H^ CHIP IN GLASS FLOURECENT INDICATOR PANEL HAVING FUNCTIONS OF KEYBOARD SCAN AND DIMMING FOR AUTOMOTIVE APPLICATION 107-112 ISHIZUKA, M ACC NO-27354.SP-904 |
| 9 (RLIN) | 67100 |
| 942 ## - ADDED ENTRY ELEMENTS (KOHA) | |
| Koha item type | Book |
| Source of classification or shelving scheme | |
| Withdrawn status | Lost status | Damaged status | Not for loan | Permanent Location | Current Location | Shelving location | Date acquired | Total Checkouts | Full call number | Barcode | Date last seen | Price effective from | Koha item type |
|---|---|---|---|---|---|---|---|---|---|---|---|---|---|
| College of Electrical & Mechanical Engineering (CEME) | College of Electrical & Mechanical Engineering (CEME) | General Stacks | 08/01/2017 | 629.2-SAE ELE | CEME-27354 | 06/28/2021 | 06/28/2021 | Book |
